Electrical safety in hazardous environments third international conference 1-3 december 1982 (Record no. 584952)

000 -LEADER
fixed length control field 00530nam a22001817a 4500
003 - CONTROL NUMBER IDENTIFIER
control field CEME
005 - DATE AND TIME OF LATEST TRANSACTION
control field 20210628210551.0
008 - FIXED-LENGTH DATA ELEMENTS--GENERAL INFORMATION
fixed length control field 210209b xxu||||| |||| 00| 0 eng d
020 ## - INTERNATIONAL STANDARD BOOK NUMBER
International Standard Book Number 0-85296267-3
040 ## - CATALOGING SOURCE
Transcribing agency .
082 ## - DEWEY DECIMAL CLASSIFICATION NUMBER
Classification number 620.86 IEE
100 ## - MAIN ENTRY--PERSONAL NAME
Personal name Iee
9 (RLIN) 58453
245 ## - TITLE STATEMENT
Title Electrical safety in hazardous environments third international conference 1-3 december 1982
260 ## - PUBLICATION, DISTRIBUTION, ETC.
Place of publication, distribution, etc. LONDON
Name of publisher, distributor, etc. IEE
Date of publication, distribution, etc. 1982
300 ## - PHYSICAL DESCRIPTION
Extent 245P
650 ## - SUBJECT ADDED ENTRY--TOPICAL TERM
Topical term or geographic name entry element IEEE-IEE THIRD INTERNATIONAL CONFERENCE ON ELECTRICAL SAFETY
9 (RLIN) 79974
942 ## - ADDED ENTRY ELEMENTS (KOHA)
Koha item type Book
Source of classification or shelving scheme
Holdings
Withdrawn status Lost status Damaged status Not for loan Permanent Location Current Location Shelving location Date acquired Total Checkouts Full call number Barcode Date last seen Price effective from Koha item type
        College of Electrical & Mechanical Engineering (CEME) College of Electrical & Mechanical Engineering (CEME) General Stacks 07/06/2017   620.86 IEE CEME-34400 06/28/2021 06/28/2021 Book
© 2023 Central Library, National University of Sciences and Technology. All Rights Reserved.